000 00885 a2200157 4500
003 Nust
005 20221125085220.0
040 _cNust
082 _a621.3813,REI
100 _aHerbert J. Reich , John G. Skalnik, Philip F. Ordung , Herbert L. Krauss
_9103542
245 _aMicrowave Principles /
_cHerbert J. Reich , John G. Skalnik, Philip F. Ordung , Herbert L. Krauss
260 _aLondon
_bD.Van Nostrand
_cc1957
300 _aix,423 P;
505 _aTransmission Lines (Page-1), Waveguide (Page-16), Waveguide and Coaxial Line Components (Page-49), Impedance Matching (Page-95), Measurements (Page-107), Antennas (Page-126), Microwave Resonators (Page-149), Fundamentals of Microwave Amplifiers and Oscillators (Page-174), Triode and Tetrode Microwave Amplifier (Page-222), Klystrons (Page-248), Magnetrons (Page-307), Traveling Wave and Electron (Page-352),
942 _2ddc
_cBK
999 _c191041
_d191041